Quiz sull'Oman - Statistics

Statistiche generali
  • Questo quiz è stato fatto 396 volte
  • Il punteggio medio è 15 su 23
Statistiche sulle risposte
Hint Risposta % Corretto
Lingua ufficiale Arabo
99%
Paesi confinanti con l'Oman Arabia Saudita
98%
Religione di stato Ibadismo
98%
Paesi confinanti con l'Oman Yemen
98%
Paesi confinanti con l'Oman Emirati Arabi Uniti
97%
Mari e golfi che bagnano l'Oman Golfo {Persico}
92%
Maggiore esportazione del Paese Petrolio
90%
Paese che controllò l'Oman fino al 1951 Regno Unito
87%
Ci sono almeno 465.500 cittadini da questo paese che vive in Oman India
82%
Capitale Mascate
82%
Titolo del monarca dell'Oman Sultano
82%
L'Oman fu il penultimo Paese al mondo paese ad abolirla nel 1970 Schiavitù
76%
Mari e golfi che bagnano l'Oman Golfo dell'{Oman}
56%
Isola africana che una volta era la capitale dell'Oman e la residenza dei monarchi dell'Oman Zanzibar
53%
Mari e golfi che bagnano l'Oman Mare {Arabico}
51%
Stretto tra Iran e Oman Stretto di {Hormuz}
50%
Moneta Omani {Rial}
47%
La "Khanjar" che appare sulla bandiera è un tipo di questa arma Pugnale
47%
L'Oman produce il 17% di questo ingrediente per profumi I{ncenso}
37%
Uccello nazionale Falcone
36%
Monarca dell'Oman dal 1970 al 2020 Qaboos
25%
Nome di una delle due città più popolose dopo la capitale Seeb | Salalah
25%
Barca tradizionale D{how}
22%
Nessun quiz corrispondente trovato
Distribuzione punteggi
Percentuale di utenti per punteggio
Percentile per numero di risposta
I tuoi punteggi nel tempo
Non hai fatto questo quiz